000 00581nam a2200205Ia 4500
003 GCL
008 140319s9999 xx 000 0 ara d
040 _aGCL /
_cGCL
082 0 4 _a910.453
_bح ح
100 1 _aحسين فوزى
245 1 0 _aحديث السندباد القديم /
_cحسين فوزى
260 _a[S.N] :
_bدار الكتاب اللبنانى ،
_c1977
300 _a375 ص
490 _a
650 0 4 _aالادب الشعبى
650 0 4 _aالخرافات
650 0 4 _aالقصص الخرافية
650 0 4 _aالاساطير
942 _2ddc
_cBK
999 _c58258
_d58258